Pokémon - Les attaques de Favianos - Statistiques

Statistiques générales
  • Ce quiz a été pris 7 fois
  • Le résultat moyen est 7 sur 14
Statistiques - réponses
Niveaux Types Noms des attaques % Correct
Niveau 24 Vol Cru-Ailes
100%
Niveau 72 Fée Pouvoir Lunaire
100%
Niveau 64 Vol Atterrissage
75%
Départ Vol Picpic
75%
Niveau 32 Poison Poison Croix
75%
Départ Fée Voix Enjôleuse
75%
Niveau 56 Ténèbres Flatterie
50%
Niveau 56 Normal Vantardise
50%
Niveau 8 Normal Vive-Attaque
50%
Niveau 48 Ténèbres Baston
25%
Départ Combat Double Pied
25%
Départ Poison Gaz Toxik
25%
Niveau 16 Normal Attraction
0%
Niveau 40 Normal Plumo-Queue
0%
Aucun quiz correspondant
Distribution des résultats
% des personnes avec chaque résultat
Percentile par nombre de réponses
Votre historique - résultats
Vous n’avez pas pris ce quiz